|
|
|
|
| LEADER |
00000nam0a2200000 4500 |
| 001 |
271726 |
| 005 |
20231101234450.0 |
| 020 |
|
|
|a RU
|b 87-56323
|
| 035 |
|
|
|a (RuTPU)RU\TPU\book\294928
|
| 090 |
|
|
|a 271726
|
| 100 |
|
|
|a 20141010d1987 k y0rusy5003 ca
|
| 101 |
0 |
|
|a rus
|
| 102 |
|
|
|a RU
|
| 105 |
|
|
|a a z 001zy
|
| 200 |
1 |
|
|a Япония: региональная структура экономики
|f Академия наук СССР (АН СССР), Институт востоковедения (ИВ) ; под ред. В.Я. Выборнова
|
| 210 |
|
|
|a Москва
|c Наука
|d 1987
|
| 215 |
|
|
|a 219 с.
|c ил.
|
| 300 |
|
|
|a Рез.: англ.
|
| 320 |
|
|
|a Библиогр.: с. 219-220 (48 назв.)
|
| 606 |
1 |
|
|a Япония
|x Экономика
|2 stltpush
|3 (RuTPU)RU\TPU\subj\60292
|9 77703
|
| 610 |
1 |
|
|a структура
|
| 610 |
1 |
|
|a экономическая география
|
| 610 |
1 |
|
|a производительные силы
|
| 610 |
1 |
|
|a территориальное размещение
|
| 610 |
1 |
|
|a экономическая политика
|
| 610 |
1 |
|
|a планирование
|
| 610 |
1 |
|
|a прогнозирование
|
| 686 |
|
|
|a У9(5Я)
|v LBC/SL-A
|2 rubbk
|
| 702 |
|
1 |
|a Выборнов
|b В.Я.
|g Виктор Яковлевич
|4 340
|
| 712 |
0 |
2 |
|a Академия наук СССР (АН СССР)
|b Институт востоковедения (ИВ)
|c (Москва)
|2 stltpush
|3 (RuTPU)RU\TPU\col\11263
|
| 801 |
|
0 |
|a RU
|b RuMRKP
|c 19960705
|g psbo
|
| 801 |
|
1 |
|a RU
|b 63413507
|c 20141010
|
| 801 |
|
2 |
|a RU
|b 63413507
|c 20170314
|g RCR
|
| 942 |
|
|
|c BK
|